000 00958cad a2200229 4500
001 L147378
008 090507 2009 xxk f 000 0 eng u
035 _a(Sirsi) u147378
041 0 _aeng
050 0 4 _a332.6324 $2 22
110 2 _aUrban Land Institute
_93094
245 0 0 _aEmerging trends in real estate Europe 2009
_h[elctronic resource]
250 _a6th ed.
260 _aLondon
_bUrban Land Institute
_bPricewaterhouseCoopers
_c2009
520 _aProvides an outlook on European real estate investment and development trends, real estate finance and capital markets, property sectors, metropolitan areas, and other real estate issues.
590 _aKA NTK
651 4 _aEurope
690 _aPROPERTY-COMMERCIAL PROPERTY-COMMERCIAL PROPERTY MARKET
710 2 _aPriceWaterhouseCoopers
_93793
856 4 0 _uhttps://www.pwc.com/extweb/pwcpublications.nsf/docid/4D530749A4B4EF6D852575180014E6B4
_zView the report at www.pwc.com...
942 _n0
999 _c109526
_d109526